Premios Nobel de Literatura - Estadísticas

Estadísticas generales
  • Esta prueba ha sido intentada 250 veces
  • La puntuación promedio es 16 de 120
Estadísticas de respuestas
Año Ganador % Correcto
2010 Mario Vargas Llosa
70%
1982 Gabriel García Márquez
69%
1989 Camilo José Cela
66%
1945 Gabriela Mistral
55%
1956 Juan Ramón Jiménez
55%
1971 Pablo Neruda
46%
1977 Vicente Aleixandre
45%
1922 Jacinto Benavente
44%
1957 Albert Camus
43%
2016 Bob Dylan
43%
1990 Octavio Paz
42%
1954 Ernest Hemingway
41%
1904 José Echegaray
41%
1964 Jean-Paul Sartre
39%
1998 José Saramago
34%
1904 Frédéric Mistral
32%
1946 Hermann Hesse
29%
1929 Thomas Mann
28%
1967 Miguel Ángel Asturias
27%
2023 Jon Fosse
25%
1953 Winston Churchill
25%
1949 William Faulkner
24%
2017 Kazuo Ishiguro
20%
1962 John Steinbeck
19%
1999 Günter Grass
18%
1907 Rudyard Kipling
18%
2022 Annie Ernaux
17%
1997 Dario Fo
17%
1994 Kenzaburō Ōe
17%
2013 Alice Munro
15%
1958 Borís Pasternak
15%
1901 Sully Prudhomme
15%
2019 Peter Handke
14%
1950 Bertrand Russell
13%
1938 Pearl S. Buck
13%
1913 Rabindranath Tagore
13%
1969 Samuel Beckett
13%
2015 Svetlana Aleksiévich
13%
2009 Herta Müller
12%
2012 Mo Yan
12%
2007 Doris Lessing
11%
1909 Selma Lagerlöf
11%
1948 T. S. Eliot
11%
2014 Patrick Modiano
10%
1973 Patrick White
10%
1993 Toni Morrison
10%
1975 Eugenio Montale
9%
2020 Louise Glück
9%
1947 André Gide
8%
2004 Elfriede Jelinek
8%
1920 Knut Hamsun
8%
1934 Luigi Pirandello
8%
1991 Nadine Gordimer
8%
2018 Olga Tokarczuk
8%
1959 Salvatore Quasimodo
8%
1968 Yasunari Kawabata
8%
1926 Grazia Deledda
7%
1965 Mijaíl Shólojov
7%
1902 Theodor Mommsen
7%
2021 Abdulrazak Gurnah
6%
1903 Bjørnstjerne Bjørnson
6%
1985 Claude Simon
6%
1992 Derek Walcott
6%
1925 George Bernard Shaw
6%
2008 Jean-Marie Gustave Le Clézio
6%
2003 J. M. Coetzee
6%
1911 Maurice Maeterlinck
6%
2011 Tomas Tranströmer
6%
2001 V. S. Naipaul
6%
1923 William Butler Yeats
6%
1983 William Golding
6%
1981 Elias Canetti
5%
1972 Heinrich Böll
5%
1978 Isaac Bashevis Singer
5%
1960 Saint-John Perse
5%
1976 Saul Bellow
5%
1995 Seamus Heaney
5%
1996 Wisława Szymborska
5%
1986 Wole Soyinka
5%
1921 Anatole France
4%
2000 Gao Xingjian
4%
1906 Giosuè Carducci
4%
1955 Halldór Laxness
4%
1933 Iván Bunin
4%
1961 Ivo Andrić
4%
1987 Joseph Brodsky
4%
1988 Naguib Mahfuz
4%
1915 Romain Rolland
4%
1966 Shmuel Yosef Agnón
4%
1963 Yorgos Seferis
4%
1952 François Mauriac
3%
1912 Gerhart Hauptmann
3%
2005 Harold Pinter
3%
1917 Henrik Pontoppidan
3%
1944 Johannes Vilhelm Jensen
3%
1951 Pär Lagerkvist
3%
1910 Paul von Heyse
3%
1937 Roger Martin du Gard
3%
1908 Rudolf Christoph Eucken
3%
1928 Sigrid Undset
3%
1919 Carl Spitteler
2%
1980 Czesław Miłosz
2%
1936 Eugene O'Neill
2%
1974 Harry Martinson
2%
1927 Henri Bergson
2%
2002 Imre Kertész
2%
1984 Jaroslav Seifert
2%
1932 John Galsworthy
2%
1917 Karl Adolph Gjellerup
2%
1966 Nelly Sachs
2%
1979 Odysseas Elytis
2%
2006 Orhan Pamuk
2%
1916 Verner von Heidenstam
2%
1970 Aleksandr Solzhenitsyn
1%
1931 Erik Axel Karlfeldt
1%
1974 Eyvind Johnson
1%
1939 Frans Eemil Sillanpää
1%
1905 Henryk Sienkiewicz
1%
1930 Sinclair Lewis
1%
1924 Władysław Reymont
1%
No se encontraron pruebas coincidentes
Distribución de puntuación
Porcentaje de gente con cada puntuación
Porcentaje por número respondido
Historial de tus puntuaciones
No has intentado esta prueba.